000 00341nam a2200133Ia 4500
005 20251222152712.0
008 251222s9999||||xx |||||||||||||| ||spa||
020 _a8487914152
082 _a800/A95
245 0 _aPremios Literarios " El Duende" 1993-1994
250 _a1ra.ed.
264 _bAyuntamiento de Alcalá de Henares
942 _cLIB
999 _c29232
_d29232